| Record ID | ia:encyclopediaofrf0005unse |
| Source | Internet Archive |
| Download MARC XML | https://archive.org/download/encyclopediaofrf0005unse/encyclopediaofrf0005unse_marc.xml |
| Download MARC binary | https://www.archive.org/download/encyclopediaofrf0005unse/encyclopediaofrf0005unse_meta.mrc |
LEADER: 05772cam 22010814a 4500
001 ocm60325512
003 OCoLC
005 20220316041338.0
008 041018s2005 njua obe 001 0 eng c
006 m o d
007 cr |n|||||||||
040 $aCOO$beng$epn$cCOO$dSINTU$dOKU$dOCLCQ$dWAU$dTEF$dBAKER$dGA0$dUIU$dKNOVL$dZCU$dKNOVL$dOCLCF$dOCLCQ$dYDXCP$dAU@$dDG1$dOCLCQ$dSTF$dOCLCQ$dUAB$dCOO$dUAF$dKNOVL$dX$@$dOCLCQ$dDKU$dCEF$dRRP$dOCLCQ$dOL$$dOCLCQ$dLUN$dOCLCO
016 7 $a013042322$2Uk
019 $a74908582$a224290820$a751970364$a1007217132$a1017280703$a1044140966$a1058049031$a1170494491$a1171076248
020 $a9781601190703$q(electronic bk.)
020 $a1601190700$q(electronic bk.)
020 $a0471270539
020 $a9780471270539
020 $z9780471270539$q(cloth)
020 $z9780471654506
020 $z0471654507
020 $z0471654493$q(v. 1)
020 $z9780471654490$q(v. 1)
020 $z0471654485$q(v. 2)
020 $z9780471654483$q(v. 2)
020 $z0471654477$q(v. 3)
020 $z9780471654476$q(v. 3)
020 $z0471654469$q(v. 4)
020 $z9780471654469$q(v. 4)
020 $z0471654450$q(v. 5)
020 $z9780471654452$q(v. 5)
020 $z0471654442$q(v. 6)
020 $z9780471654445$q(v. 6)
035 $a(OCoLC)60325512$z(OCoLC)74908582$z(OCoLC)224290820$z(OCoLC)751970364$z(OCoLC)1007217132$z(OCoLC)1017280703$z(OCoLC)1044140966$z(OCoLC)1058049031$z(OCoLC)1170494491$z(OCoLC)1171076248
037 $bKnovel Corporation$nhttp://www.knovel.com
042 $apcc
050 4 $aTK5103.2$b.E53 2005
082 04 $a621.382$222
245 00 $aEncyclopedia of RF and microwave engineering /$cKai Chang, editor.
246 30 $aRF and microwave engineering
260 $aHoboken, N.J. :$bJohn Wiley,$c2005.
300 $a1 online resource (6 volumes) :$billustrations
336 $atext$btxt$2rdacontent
337 $acomputer$bc$2rdamedia
338 $aonline resource$bcr$2rdacarrier
504 $aIncludes bibliographical references and index.
505 0 $av. 1. A-C -- v. 2. D-G -- v. 3. H-Mi -- v. 4. Mi-P -- v. 5. Q-Sq -- v. 6. St-Z, Index.
520 $aRF and Microwave Engineering is one of the fastest growth areas of the past decade and will probably continue to be a very active area of research and application in a large variety of fields. This six volume set illustrates how this field has been the key to enabling technology responsible for the phenomenal growth of wireless communication. This set also examines how RF and microwave engineering continues to have great influence as the technology behind such important applications as radar, remote sensing, remote control, sensors, navigation, surveillance, electronic warfare, radiometers, plasma research, and imaging. --$cProvided by publisher.
546 $aEnglish.
650 0 $aWireless communication systems$vEncyclopedias.
650 0 $aRadio circuits$vEncyclopedias.
650 0 $aMicrowave circuits$vEncyclopedias.
650 6 $aTransmission sans fil$vEncyclopédies.
650 6 $aCircuits radio$vEncyclopédies.
650 6 $aCircuits pour micro-ondes$vEncyclopédies.
650 7 $aMicrowave circuits.$2fast$0(OCoLC)fst01020171
650 7 $aRadio circuits.$2fast$0(OCoLC)fst01087290
650 7 $aWireless communication systems.$2fast$0(OCoLC)fst01176209
650 7 $aElectrical & Computer Engineering.$2hilcc
650 7 $aEngineering & Applied Sciences.$2hilcc
650 7 $aTelecommunications.$2hilcc
653 $aHandbooks
655 4 $aElectronic books.
655 7 $aEncyclopedias.$2fast$0(OCoLC)fst01423798
700 1 $aChang, Kai,$d1948-
776 08 $iPrint version:$tWiley encyclopedia of RF and microwave engineering$z0471270539$w(DLC) 2004024581$w(OCoLC)56798817
856 40 $3Knovel$uhttp://app.knovel.com/web/toc.v/cid:kpERFMEV04
856 40 $3Knovel$uhttp://www.knovel.com/knovel2/Toc.jsp?BookID=1424
856 40 $3Knovel$uhttp://app.knovel.com/hotlink/toc/id:kpERFMEV04/encyclopedia-of-rf
856 40 $3Knovel$uhttps://app.knovel.com/web/toc.v/cid:kpERFMEV04/viewerType:toc/root_slug:encyclopedia-rf-microwave?kpromoter=federation
856 40 $3Knovel$uhttp://app.knovel.com/hotlink/toc/id:kpERFMEV04/encyclopedia-of-rf?kpromoter=marc
856 40 $3Wiley InterScience$uhttps://doi.org/10.1002/0471654507$zAn electronic book accessible through the World Wide Web; click for information
856 40 $3Wiley$uhttp://www3.interscience.wiley.com/cgi-bin/mrwhome/110426151/HOME
856 40 $3Wiley$uhttps://onlinelibrary.wiley.com/doi/book/10.1002/0471654507
856 40 $3Wiley$uhttp://mrw.interscience.wiley.com/emrw/9780471654506/home
856 40 $3Wiley$uhttp://onlinelibrary.wiley.com/book/10.1002/0471654507
856 41 $3Knovel$uhttp://app.knovel.com/web/toc.v/cid:kpERFMEV04/viewerType:toc/root_slug:encyclopedia-rf-microwave
856 41 $3Table of contents$uhttp://catdir.loc.gov/catdir/toc/ecip052/2004024581.html
856 41 $3Wiley$uhttp://www3.interscience.wiley.com/cgi-bin/mrwhome/110426151/HOME
856 42 $3Contributor biographical information$uhttp://catdir.loc.gov/catdir/enhancements/fy0617/2004024581-b.html
856 42 $3Publisher description$uhttp://catdir.loc.gov/catdir/enhancements/fy0617/2004024581-d.html
938 $aBaker & Taylor$bBKTY$c2200.00$d2200.00$i0471270539$n0006105474$sactive
938 $aYBP Library Services$bYANK$n2595569
029 1 $aAU@$b000026323061
029 1 $aAU@$b000043011711
029 1 $aAU@$b000044050907
029 1 $aAU@$b000051479067
029 1 $aAU@$b000060049405
029 1 $aNZ1$b11777661
029 1 $aNZ1$b15593820
029 1 $aAU@$b000066785575
994 $aZ0$bP4A
948 $hHELD BY P4A - 299 OTHER HOLDINGS